Film Title - difficulty hard - Statistics

General Stats
  • This quiz has been taken 7 times
  • The average score is 5 of 16
Answer Stats
Picture Answer % Correct
come and see
100%
Taste of Cherry
60%
black rain
40%
dreams
40%
les diaboliques
40%
rosemary's baby
40%
vagabond
40%
andrei roublev
20%
Bandits à Orgosolo
20%
Benny's video
20%
Fanny et alexandre
20%
Goodbye dragon inn
20%
Iron monkey
20%
the terrorizers
20%
Welfare
20%
you the lviving
0%
No matching quizzes found
Score Distribution
Percent of People with Each Score
Percentile by Number Answered
Your Score History
You have not taken this quiz